| 000 | 00542nam a2200205Ia 4500 | ||
|---|---|---|---|
| 005 | 20260429112058.0 | ||
| 008 | 260429s9999||||xx |||||||||||||| ||und|| | ||
| 020 | _a9781032822006 | ||
| 041 | _aEnglish | ||
| 082 |
_a337 _bGHO |
||
| 100 | _aGhosh, Peu | ||
| 245 | 0 |
_aInternational political economy : _bcontexts, issues and challenges / _cPeu Ghosh |
|
| 250 | _a1st ed. | ||
| 260 |
_aLondon : _bRoutledge, _c2024. |
||
| 300 | _axii, 344 p.; hb | ||
| 650 | _a Economy | ||
| 650 | _a International | ||
| 650 | _aPolitics | ||
| 942 | _cTB | ||
| 999 |
_c52242 _d52242 |
||